Retos contemporáneos de los estudios urbano-regionales /

Detalles Bibliográficos
Otros Autores: Quinchía Roldán, Suly María (Editor), López Martínez, Alexandra (Editor)
Formato: Electrónico eBook
Lenguaje:español
Publicado: Medellín, Colombia: Sello Editorial Tecnológico de Antioquia, [2022]
Edición:Primera edición.
Materias:
Acceso en línea:Digitalia Hispánica

MARC

LEADER 00000nam a2200000 i 4500
001 DIGTECANT0008
003 NyNyDIG
007 cr |||||||||||
008 241119s2022 ck ao ob 000 0 spa d
006 m o d
035 |a (OCoLC)1473346056 
040 |a DGITA  |b eng  |e rda  |e pn  |c DGITA 
020 |a 9789588628783  |q digital 
020 |z 9789588628776  |q impreso 
050 1 4 |a HT391 ebook 
245 0 0 |a Retos contemporáneos de los estudios urbano-regionales /  |c Suly María Quinchía Roldán, editora académica ; Alexandra López Martínez, coeditora. 
250 |a Primera edición. 
264 1 |a Medellín, Colombia:  |b Sello Editorial Tecnológico de Antioquia,  |c [2022] 
300 |a 1 online resource :  |b illustrations, photographs. 
336 |a text  |b txt  |2 rdacontent 
337 |a computer  |b c  |2 rdamedia 
338 |a online resource  |b cr  |2 rdacarrier 
347 |a text file  |2 rdaft 
347 |b PDF 
504 |a Includes bibliographical references. 
588 0 |a Online resource; title from PDF title page (Digitalia, viewed November 19, 2024) 
650 0 |a Regional planning. 
650 0 |a Sociology, Urban. 
700 1 |a Quinchía Roldán, Suly María,  |e editor. 
700 1 |a López Martínez, Alexandra,  |e editor. 
791 2 |a Digitalia (Firm),  |e distributor. 
793 0 |g Digitalia eBook Collection:  |a Tecnológico de Antioquia 
776 0 8 |i Print version:  |t Retos contemporáneos de los estudios urbano-regionales.  |b Primera edición.  |d Medellín, Colombia: Sello Editorial Tecnológico de Antioquia, [2022]  |z 9789588628776 
856 4 0 |3 Digitalia Hispánica  |u https://www.digitaliapublishing.com/a/159129/ 
910 |a Premium collection: 2024